When Calls the Heart cast - Statistics

General Stats
  • This quiz has been taken 60 times
  • The average score is 16 of 25
Answer Stats
actor/actress Answer % Correct
Erin Krakow Elizabeth thatcher
100%
Daniel Lissing Jack Thornton
100%
Lori Loughlin Abigail Stanton
96%
Pascale Hutton Rosemary Coulter
96%
Jack Wagner Bill Avery
88%
Paul Greene Carson Shepherd
69%
Eva Bourne Clara Stanton
69%
Andrea Brooks Faith Carter
69%
Martin Cummins Henry Gowen
65%
Chris McNally Lucas Bouchard
65%
Kevin McGarry Nathan Grant
65%
Johannah Newmarch Molly Sullivan
62%
Loretta Walsh Florence Blakeley
58%
Aren Buchholz Jesse Flynn
58%
Ava Grace Cooper Opal Weise
58%
Carter Ryan Evancic Cody Stanton
54%
Gracyn Shinyei Emily Montgomery
54%
Jaiven Natt Robert Wolf
54%
Genea Charpentier Laura Campbell
50%
Kayla Wallace Fiona Miller
46%
Erica carroll Dottie Ramsey
38%
Mark Humphrey Frank Hogan
38%
Ben Rosenbaum Mike Hickam
38%
Kadence Kendall Roach Anna Hayford
35%
Charlotte Hegele Julie Thatcher
35%
No matching quizzes found
Score Distribution
Percent of People with Each Score
Percentile by Number Answered
Your Score History
You have not taken this quiz